| 000 | 00478nam a2200181Ia 4500 | ||
|---|---|---|---|
| 001 | 9968 | ||
| 005 | 20260306161757.0 | ||
| 008 | 260306t2015||||xx |||||||||||||| ||spa|| | ||
| 041 | _aESP | ||
| 082 |
_aPE 869.56 _bE77 |
||
| 100 |
_aEscobar Albornoz, Juan _eAUT |
||
| 245 | 0 |
_aDonde encontré la resurrección: _bJosé María Arguedas en Chile (1953-1969) |
|
| 260 | _c2015 | ||
| 300 |
_a237 páginas : _c22 cm. |
||
| 650 | _aGEN | ||
| 654 | _aCHU | ||
| 942 |
_cLIB _dJUS _fJUS _2ddc _n |
||
| 999 |
_c9968 _d9968 |
||